Synthesis of amino acids and proteins (Record no. 26071)

MARC details
000 -LEADER
fixed length control field 00497nam a2200181Ia 4500
082 ## - DEWEY DECIMAL CLASSIFICATION NUMBER
Classification number 577.1+577.122.36
Item number BIO.7
100 ## - MAIN ENTRY--AUTHOR NAME
Personal name ARNSTEIN, H R W
245 #0 - TITLE STATEMENT
Title Synthesis of amino acids and proteins
260 ## - PUBLICATION, DISTRIBUTION, ETC. (IMPRINT)
Place of publication London
Name of publisher Butterworth
Year of publication 1975
490 ## - SERIES STATEMENT
Series statement Biochemistry series one. V 7
505 ## - FORMATTED CONTENTS NOTE
Formatted contents note MTP international review of science
650 ## - SUBJECT ADDED ENTRY--TOPICAL TERM
Topical Term Amino acid
650 ## - SUBJECT ADDED ENTRY--TOPICAL TERM
Topical Term Genetic code
650 ## - SUBJECT ADDED ENTRY--TOPICAL TERM
Topical Term Protein
650 ## - SUBJECT ADDED ENTRY--TOPICAL TERM
Topical Term Ribosome
942 ## - ADDED ENTRY ELEMENTS (KOHA)
Koha item type Books
Holdings
Withdrawn status Lost status Damaged status Not for loan Home library Current library Date acquired Full call number Accession Number Koha item type
        RRII Library RRII Library 16/12/2021 577.1+577.122.36 BIO.7 06709 Books